Léčebna /
Druhý thriller, v němž se objevuje doktorka Connie Woolwineová, forenzní psycholožka, která zde v utajení pátrá po krutém únosci novorozence a zároveň vrahovi jeho matky.
Uloženo v:
| Série: | Connie Woolwine,
část 2 |
|---|---|
| Hlavní autor: | |
| Další autoři: | |
| Médium: | E-kniha |
| Jazyk: | Czech |
| Vydáno: |
Praha :
Kniha Zlin,
2024
|
| Vydání: | Vydání první |
| Témata: | |
| Příbuzné jednotky: | Z cyklu::
Connie Woolwine |
| Tagy: |
Žádné tagy |
| LEADER | 02708nam a2200481 i 4500 | ||
|---|---|---|---|
| 001 | 312344 | ||
| 003 | CZ PrSKC | ||
| 005 | 20260601215721.0 | ||
| 007 | ta | ||
| 008 | 240412s2024 xr g 000 f cze | ||
| 015 | |a cnb003600076 | ||
| 020 | |a 9788076626065 |q (vázáno) | ||
| 035 | |a (OCoLC)1438777433 | ||
| 040 | |a ABG001 |b cze |e rda | ||
| 041 | 1 | |a cze |h eng | |
| 072 | 7 | |a 821.111-3 |x Anglická próza, anglicky psaná |2 Konspekt | |
| 080 | |a 821.111-31 |2 MRF | ||
| 080 | |a (0:82-312.4) |2 MRF | ||
| 100 | 1 | |a Fields, Helen, |d 1969- |7 xx0224480 |4 aut | |
| 240 | 1 | 0 | |a Institution. |l Česky |
| 245 | 1 | 0 | |a Léčebna / |c Helen Fieldsová ; přeložila Nela Knapová |
| 250 | |a Vydání první | ||
| 264 | 1 | |a Praha : |b Kniha Zlin, |c 2024 | |
| 300 | |a 399 stran ; |c 21 cm | ||
| 336 | |a text |b txt |2 rdacontent | ||
| 337 | |a bez média |b n |2 rdamedia | ||
| 338 | |a svazek |b nc |2 rdacarrier | ||
| 500 | |a Přeloženo z angličtiny | ||
| 520 | 2 | |a Druhý thriller, v němž se objevuje doktorka Connie Woolwineová, forenzní psycholožka, která zde v utajení pátrá po krutém únosci novorozence a zároveň vrahovi jeho matky. |b V utajení mezi sériovými vrahy. Druhý případ Connie Woolwineové. V přísně střeženém ústavu pro ty nejhorší zločince dojde k vraždě zdravotní sestry. A pohřešuje se i její novorozeně. Únosce žádá výkupné, čas neúprosně běží. Forenzní psycholožka Connie Woolwineová dokáže proniknout do mysli pachatele jako nikdo jiný, a tak se v utajení vydává mezi vyšinuté sériové vrahy. K nalezení dítěte má pět dní, déle kojenec nemůže přežít. Connie v ústavu narazí nejen na zlo v čiré podobě, ale také na hranice vlastní příčetnosti. Splní svůj úkol dřív, než se jí zmocní šílenství? Nakladatelská anotace. | |
| 655 | 7 | |a anglické romány |7 fd131814 |2 czenas | |
| 655 | 7 | |a detektivní romány |7 fd132010 |2 czenas | |
| 655 | 7 | |a thrillery (romány) |7 fd184206 |2 czenas | |
| 655 | 9 | |a English fiction |2 eczenas | |
| 655 | 9 | |a detective novels |2 eczenas | |
| 655 | 9 | |a thrillers (novels) |2 eczenas | |
| 700 | 1 | |a Knapová, Nela |7 ola2015884249 |4 trl | |
| 787 | 0 | 8 | |i Z cyklu: |t Connie Woolwine |g 2 |
| 900 | |a ABA001 |b 21 | ||
| 928 | 9 | |a Albatros Media - Kniha Zlin | |
| 044 | |a xr | ||
| 910 | |a RBIT002 | ||
| 998 | |d 402247 |a https://core.palmknihy.cz/api/books/402247/cover?sbf3hd |b https://core.palmknihy.cz/api/books/402247/cover/400?sbf3hd |c https://core.palmknihy.cz/api/books/402247/cover/50?sbf3hd |e 2028-03-10 |g 408 |i 9788076626065 |j https://core.palmknihy.cz/api/books/402247/preview.epub |k https://core.palmknihy.cz/api/books/402247/preview.pdf |l |q 49 |r 1 |s https://www.palmknihy.cz/kniha/402247 |t ebook |y 2024 |z 0 | ||
| 999 | |d 312342 | ||